|
|
|
|
| LEADER |
00773cam a2200229 7i4500 |
| 001 |
0000060430 |
| 005 |
20140701090000.0 |
| 008 |
080520s2004 enk b 001 0 eng d |
| 020 |
# |
# |
|a 1844800288
|
| 020 |
# |
# |
|a 9781844800285
|
| 090 |
0 |
0 |
|a HF 5657.4
|b .D7 2004
|
| 100 |
1 |
# |
|a Drury, Colin
|
| 245 |
1 |
0 |
|a Management and cost accounting
|c Colin Drury.
|
| 250 |
# |
# |
|a 6th ed..
|
| 260 |
# |
# |
|a London:
|b Thomson Learning,
|c 2004.
|
| 300 |
# |
# |
|a xxxii, 1280 p.;
|c 27 cm..
|
| 590 |
# |
# |
|a Pusat Pengajian Perniagaan dan Pengurusan Maritim
|
| 650 |
0 |
0 |
|a Cost accounting
|
| 650 |
0 |
0 |
|a Managerial accounting --
|x Problems, exercises, etc.
|
| 650 |
0 |
0 |
|a Cost accounting --
|x Problems, exercises, etc.
|
| 650 |
0 |
0 |
|a Managerial accounting
|
| 999 |
|
|
|a 1100056574
|b Book
|c Open Shelf
|e KOLEKSI TERBUKA
|